000
00214 a2200109 4500
020
_a
9788426363015
041
_a
spa
100
_a
Carmen Arrospide Roman
245
_a
Fisica y quimica
942
_c
BK
952
_7
1
999
_c
21423
_d
21423